| 000 | 01144nam a2200289 u 4500 | ||
|---|---|---|---|
| 001 | 000025534 | ||
| 005 | 20200930023846.0 | ||
| 008 | 110217s1984 ag r 001 0 spa d | ||
| 020 | _a9505110375 | ||
| 040 |
_aDO-SdBNP _bspa _cBNPHU |
||
| 041 | 1 | 7 |
_aspa _hita _2Código de idiomas MARC |
| 082 |
_ann* _bnn* |
||
| 100 | 1 |
_aSimon, Herbert A. _952191 |
|
| 240 | 1 | 2 |
_aAdministrative behavior. _lEspañol |
| 245 | 1 | 3 |
_aEl comportamiento administrativo : _bestudio de los procesos de la adopción de decisiones en la organización administrativa / _cHerbert A. Simon ; traducción de Amando Lazaro Ros y Elida Beatriz Messina. |
| 250 | _a2a ed. | ||
| 260 |
_aBuenos Aires : _bAguilar, _c1984. |
||
| 300 |
_a337 p. ; _c19 cm. |
||
| 490 | 1 | _aBiblioteca de Ciencias de la Educación | |
| 534 |
_aTítulo original : _tAdministrative behavior |
||
| 500 | _aIncluye referencias bibliográficas y notas al pie de las páginas. | ||
| 500 | _aIncluye índice alfabético. | ||
| 700 | 1 |
_aLazaro Ros, Amando, _etr. _952192 |
|
| 700 | 1 |
_aMessina, Elida Beatriz, _etr. _952193 |
|
| 830 | 0 |
_aBiblioteca de Ciencias de la Educación _948443 |
|
| 049 | _aBNGR | ||
| 999 |
_c25026 _d25026 |
||